Los insectos /
Guardado en:
| Autor Principal: | |
|---|---|
| Formato: | Libro |
| Publicado: |
México :
Life,
1970
|
| Materias: | |
| Etiquetas: |
Agregar Etiqueta
Sin Etiquetas, Sea el primero en etiquetar este registro!
|
| LEADER | 00722nam a22002055a 4500 | ||
|---|---|---|---|
| 001 | CEM.cems015856 | ||
| 008 | 130507s1970##################000#0#####d | ||
| 005 | 20210823203331.0 | ||
| 003 | CEMS | ||
| 245 | 1 | 0 | |a Los insectos / |c Peter Farb. |
| 260 | |a México : |b Life, |c 1970 | ||
| 300 | |a 192 p. | ||
| 505 | 0 | |a Mecanismos de diferenciación celular.-Proteínas específicas.-La serie roja.-La stem cell hemopoyética.-Orgános hemopoyéticos.-Eritropoyetina. -Factor eritroinhibidor | |
| 100 | 1 | |a Farb, Peter | |
| 082 | 0 | 4 | |a 595.7 |
| 653 | |a Hormigas | ||
| 653 | |a Insectos | ||
| 653 | |a Zoología | ||
| 859 | |a CEMS |b BIB. CEMS - Agricultura |h 595.7 |i F221 |p A17831.94 |t Ej.1 | ||
| 859 | |a CEMS |b BIB. CEMS - 11 de abril |h 595.7 |i F221 |p 2723.74 |t Ej.1 | ||
